2025中国百强城市 - Statistics

General Stats
  • This quiz has been taken 175 times
  • The average score is 88 of 100
Answer Stats
排名 省份 城市 % Correct
3 广东 深圳
99%
4 广东 广州
99%
1 上海
98%
2 北京
98%
6 四川 成都
98%
7 江苏 南京
98%
8 湖北 武汉
98%
16 陕西 西安
98%
5 浙江 杭州
97%
9 江苏 苏州
97%
10 重庆
97%
12 湖南 长沙
97%
13 山东 青岛
97%
17 河南 郑州
97%
21 山东 济南
97%
22 福建 福州
97%
11 天津
95%
18 安徽 合肥
95%
19 福建 厦门
95%
26 辽宁 沈阳
95%
28 黑龙江 哈尔滨
95%
36 河北 石家庄
95%
37 吉林 长春
95%
40 山西 太原
95%
49 新疆 乌鲁木齐
95%
50 甘肃 兰州
95%
14 浙江 宁波
94%
25 辽宁 大连
94%
29 江西 南昌
94%
34 贵州 贵阳
94%
20 广东 东莞
93%
24 云南 昆明
93%
30 福建 泉州
93%
33 浙江 温州
93%
35 广西 南宁
93%
51 内蒙古 呼和浩特
93%
15 江苏 无锡
92%
62 江苏 连云港
92%
27 江苏 常州
91%
32 山东 烟台
91%
46 浙江 台州
91%
52 河南 洛阳
91%
55 海南 海口
91%
38 浙江 嘉兴
90%
54 河北 唐山
90%
23 广东 佛山
89%
31 江苏 南通
89%
39 广东 珠海
89%
41 浙江 绍兴
89%
44 江苏 徐州
89%
47 江苏 扬州
89%
48 广东 中山
89%
56 江苏 泰州
89%
61 福建 漳州
89%
64 宁夏 银川
89%
71 广东 汕头
89%
77 山东 威海
87%
42 浙江 金华
86%
53 浙江 湖州
86%
58 江苏 盐城
86%
59 安徽 芜湖
86%
67 山东 淄博
86%
83 广东 湛江
86%
43 山东 潍坊
85%
45 广东 惠州
85%
57 江苏 镇江
85%
63 江苏 淮安
85%
72 江西 赣州
84%
74 河北 保定
84%
75 江苏 宿迁
84%
82 广西 桂林
84%
70 贵州 遵义
83%
65 广东 江门
82%
66 山东 济宁
82%
69 四川 绵阳
82%
76 福建 宁德
82%
91 河北 邯郸
82%
78 江西 九江
81%
79 河北 廊坊
81%
90 广西 柳州
81%
94 湖南 株洲
81%
68 湖北 襄阳
80%
96 福建 莆田
80%
60 湖北 宜昌
79%
87 湖南 岳阳
79%
73 山东 临沂
78%
81 河南 南阳
78%
95 陕西 咸阳
77%
97 内蒙古 鄂尔多斯
77%
80 河北 沧州
76%
85 福建 龙岩
76%
93 安徽 滁州
76%
86 广东 肇庆
75%
89 湖南 衡阳
75%
99 江西 上饶
74%
84 四川 宜宾
73%
98 湖南 常德
73%
88 河南 许昌
72%
92 河南 新乡
70%
100 安徽 阜阳
63%
No matching quizzes found
Score Distribution
Percent of People with Each Score
Percentile by Number Answered
Your Score History
You have not taken this quiz